| 000 | 00379 a2200169 4500 | ||
|---|---|---|---|
| 001 | 183004 | ||
| 020 | _a85-7319-189-9 | ||
| 040 | _cMagnum | ||
| 100 | _aRibeiro, Jonas | ||
| 240 | 1 | 0 |
_aGente que mora dentro da gente _lpor |
| 245 | 1 | 0 | _aGente que mora dentro da gente |
| 300 | _a20 | ||
| 362 | 0 | _a2004 | |
| 440 | 1 | _aDimensão | |
| 697 | _aLITERATURA INFANTO | ||
| 942 | _cBK | ||
| 999 |
_c183004 _d183004 |
||